Statistics for Blame - Calvin Harris Feat. John Newman - All Lyrics

Click here to take the quiz!

General Stats

  • This quiz has been taken 16 times
  • The average score is 171 of 220

Answer Stats

Answer% Correct
I
100%
me,
100%
me
100%
on
100%
Blame
93%
blame
93%
Don’t
93%
Don't
93%
don't
93%
it?
93%
it
93%
the
86%
night
79%
to
71%
So
64%
so
64%
you
64%
a
57%
be
57%
next
57%
Oh,
57%
sleeping,
57%
can
50%
Can't
50%
keep
50%
door
43%
feeling
43%
got
43%
is
43%
woman
43%
burning,
36%
hurting
36%
I'm
36%
in
36%
no
36%
see
36%
This
36%
this,
36%
inside
29%
manipulated
29%
needed
29%
say
29%
she
29%
She
29%
was
29%
choice
21%
Guilt
21%
had
21%
let
21%
talk
21%
Without
21%
ain't
14%
baby
14%
friend
14%
her
14%
missed
14%
promise
14%
sorry,
14%
sorry
14%
through
14%
walking
7%

Score Distribution

Percentile by Number Answered

Percent of People with Each Score

Your Score History

You have not taken this quiz